000 00780nam a22002177a 4500
999 _c677
_d677
003 AR-CdUCM
008 190225b ||||| |||| 00| 0 spa d
040 _aMUNICIPALIDAD PROVINCIAL DEL CUSCO
_cBIBLIOTECA MUNICIPAL DEL CUSCO
082 _a802.82 /
_bB88
100 _aBuero Vallejo, Antonio
_92623
245 _aTeatro :
_bEn la Ardiente Oscuridad,
_bMadrugada,
_bHoy es fiesta,
_bLas Cartas boca abajo /
_cBuero Vallejo, Antonio
260 _aBuenos Aires :
_bLosada,
_c1959.
300 _a275 paginas ;
_c25cm.
500 _aGran Teatro del Mundo
505 _aEn la ardiente oscuridad -- Madrugada -- Hoy es fiesta -- Las cartas boca abajo
650 _aSiglo XX
_98
650 _aLiteartura
_92624
650 _aTeatro
_9173
942 _2ddc
_cLIBROS
945 _apjha
_d2019-02-25